LEADER 01245nam a2200301 u 4500 001 000000081765 003 CaOOAMICUS 005 20080129114845.0 008 050330s1984 it u000 u ita u 020 $a8815067868 035 $a11036500 040 $aPUL$bita 041 1 $aita$heng 100 1 $aTaylor, Charles,$d1931-$0(OLS)http://pul/name/53594 240 10$aHegel and modern society.$lItaliano.$0(OLS)http://pul/title/106891 245 10$aHegel e la societą moderna /$cCharles Taylor. 260 $aBologna :$bIl Mulino,$cc1984. 300 $a253 p. ;$c21 cm 490 1 $aUniversale paperbacks Il Mulino ;$v168 504 $aBibliografia p. 243-253. 600 14$aHegel, Georg Wilhelm Friedrich,$d1770-1831.$0(OLS)http://pul/subject/7788 830 0$aUniversale paperbacks Il Mulino ;$v168.$0(OLS)http://pul/title/190 850 $aPUL 852 $aPUL$W1$xSL Diritto e Scienze Sociali 3$y79$m320. 092 TAYCH 1$j104253$nBK-PRI$qDDC 21$B104253$CPULBib$Z2$F104253 $HPUL97563 $82 941 1 $a9 996 $6020$a8815067868$9(OLS)http://pul/number/108305 996 $6245$aHegel e la societą moderna$9(OLS)http://pul/title/106892 996 $6260$aBologna :$bIl Mulino$9(OLS)http://pul/publisher/47928 LEADER 01219nam a2200289 a 4500 001 000000143950 003 CaOOAMICUS 005 20150609153514.0 008 150609s2006 it u000 u ita r 020 $a88-7105-209-9 040 $aPUL$bita 245 00$aFede, ragione, narrazione :$bla figura di Gesł e la forma del racconto /$cGiuseppe Angelini ... [et al.]. 260 $aMilano :$bGlossa,$c©2006. 300 $a254 p. ;$c21 cm 490 1 $aDisputatio ;$v18 504 $aBibliografia in nota. 600 04$aIesus Christus$xCritica e interpretazione.$0(OLS)http://pul/subject/1968 700 1 $aAngelini, Giuseppe,$csac.,$d1940-$0(OLS)http://pul/name/13303 830 0$aDisputatio ;$v18.$0(OLS)http://pul/title/57870 850 $aPUL 852 $aPUL$W1$xDP1 Fondo S. Lanza$y121$m3 B 18$j34442$qFondi$B166449$CPULBib$Z2$F166449 $HLan1765 $82 941 1 $a1 961 $aNota ms. di possesso: Sergio Lanza 996 $6020$a88-7105-209-9$9(OLS)http://pul/number/157820 996 $6245$aFede, ragione, narrazione :$bla figura di Gesł e la forma del racconto$9(OLS)http://pul/title/182121 996 $6260$aMilano :$bGlossa$9(OLS)http://pul/publisher/53656 LEADER 00772naa a2200205 u 4500 001 000000102420 003 CaOOAMICUS 005 20070226130211.0 008 060428s2006 it u000 u ita u 035 $a11086979 040 $aIAR$bita 100 1 $aRamelli, Ilaria.$0(OLS)http://pul/name/55739 245 13$aIl >Chronicon di Arbela< :$bUna messa a punto storiografico /$cIlaria Ramelli. 260 $aMilano :$bVita e pensiero,$c2006. 300 $aS. 145-164 ;$c25 cm 500 $aIAR: FF-85.80 730 0 $aAevum$g[Spogli].$0(OLS)http://pul/title/11692 773 0 $tAevum$g80 (2006)$w()8026 996 $6245$aIl >Chronicon di Arbela< :$bUna messa a punto storiografico$9(OLS)http://pul/title/129328 996 $6260$aMilano :$bVita e pensiero$9(OLS)http://pul/publisher/48016